00930nam a2200253 a 450000100100000000500170001000800410002702000150006804000250008304100390010808200170014710000330016424000330019724501030023026000310033330000210036450000640038553400420044965000230049165000150051404900090052995201210053899900170065900002360220260119094801.0101215s1993 sp 000 0 spa d a8479530375 aDO-SdBNPbspacBNPHU17aspaheng2Código de idiomas MARC a158.1bW729v1 aWilliamson, Marianne.94864110aA return to love.lEspañol10aVolver al amor :breflexiones sobre los principios de un curso de milagros /cMarianne Williamson. aBarcelona :bUrano,c1993. a319 p. ;c21 cm. a"No tengas miedo; deja que los milagros iluminen tu mundo". aTítulo original :tA return to love 0aPsicoterapia 9465 0aAmor91688 aBNGR 001054708MOaGRbGRcCTd2010-12-15iLF1l0o158.1 W729vp23602-10r2020-06-25w2020-06-25y4ZPréstamo en sala c23098d23098